Normal view
MARC view
- الاعرج ، موسى فهد
Entry Personal Name
001 - CONTROL NUMBER
- control field: 46860
003 - CONTROL NUMBER IDENTIFIER
- control field: JO-AjAnu
005 - DATE AND TIME OF LATEST TRANSACTION
- control field: 20230606081736.0
008 - FIXED-LENGTH DATA ELEMENTS
- fixed length control field: 230606|| aca||aabn | a|a d
040 ## - CATALOGING SOURCE
- Original cataloging agency: JO-AjAnu
- Transcribing agency: JO-AjAnu
100 ## - HEADING--PERSONAL NAME
- Personal name: الاعرج ، موسى فهد
670 ## - SOURCE DATA FOUND
- Source citation: Work cat.: (JO-AjAnu)23984: الاعرج ، موسى فهد , author, الموجز في شرح قانون أصول المحاكمات المدنية الأردني ( قانون رقم 24 لسنة 1988 )